Основы радиолокации: конспект лекций; Ч. 1.

গ্রন্থ-পঞ্জীর বিবরন
প্রধান লেখক: Сайбель А. Г. Анатолий Георгиевич
সংস্থা লেখক: Московский авиационный институт (МАИ)
অন্যান্য লেখক: Волкова Г. А. Галина Алексеевна (редактор)
ভাষা:রুশ
প্রকাশিত: Москва, 1975
বিষয়গুলি:
বিন্যাস: গ্রন্থ
KOHA link:https://koha.lib.tpu.ru/cgi-bin/koha/opac-detail.pl?biblionumber=105954

MARC

LEADER 00000nam0a2200000 4500
001 105954
005 20231031114721.0
035 |a (RuTPU)RU\TPU\book\114327 
090 |a 105954 
100 |a 20061129d1975 m y0rusy50 ca 
101 0 |a rus 
102 |a RU 
105 |a a j 000zy 
200 1 |a Основы радиолокации  |e конспект лекций  |h Ч. 1.  |f А. Г. Сайбель, Г. А. Волкова  |g МАИ; под ред. А. Г. Сайбеля 
210 |a Москва  |d 1975 
215 |a 128 с.  |c ил. 
610 1 |a радиолокация 
610 1 |a учебные пособия 
610 1 |a лекции 
610 1 |a дальность 
610 1 |a цели 
610 1 |a рассеяние 
610 1 |a эффективная площадь 
610 1 |a радиолокационные сигналы 
610 1 |a обнаружение 
675 |a 621.396.9:526.92(075.8)  |v 3 
700 1 |a Сайбель  |b А. Г.  |g Анатолий Георгиевич 
701 1 |a Волкова  |b Г. А.  |g Галина Алексеевна 
702 1 |a Сайбель  |b А. Г.  |g Анатолий Георгиевич  |4 340 
712 0 2 |a Московский авиационный институт (МАИ)  |2 stltpush  |3 (RuTPU)RU\TPU\col\3642 
801 1 |a RU  |b 63413507  |c 20061129  |g PSBO 
801 2 |a RU  |b 63413507  |c 20080813  |g PSBO 
942 |c BK